000 00293nam a22001217a 4500
040 _cSK
082 _a560
100 _aDEP SINATH; ដិប ស៊ីណាត
245 _aBioclimatologie; ជីវះអាកាសធាតុ
260 _aRUA
_bDEP
_c1994
300 _a43p.
942 _cKB
999 _c8837
_d8837